rodent control in kampongchhang province (វិធានការណ៍កំចាត់សត្វកណ្តុរក្នុងលក្ខខ័ណ្ឌខេត្តកំពង់ឆ្នំាង) (Record no. 474)
[ view plain ]
| 000 -LEADER | |
|---|---|
| fixed length control field | 00567nam a22001577a 4500 |
| 003 - CONTROL NUMBER IDENTIFIER | |
| control field | OSt |
| 005 - DATE AND TIME OF LATEST TRANSACTION | |
| control field | 20150915103410.0 |
| 008 - FIXED-LENGTH DATA ELEMENTS--GENERAL INFORMATION | |
| fixed length control field | 150915b xxu||||| |||| 00| 0 eng d |
| 040 ## - CATALOGING SOURCE | |
| Transcribing agency | RUA |
| 082 ## - DEWEY DECIMAL CLASSIFICATION NUMBER | |
| Classification number | AGR CHH 2002 B027 Or.1 |
| 100 ## - MAIN ENTRY--PERSONAL NAME | |
| 9 (RLIN) | 495 |
| Personal name | CHHIM, THUL. |
| 245 ## - TITLE STATEMENT | |
| Title | rodent control in kampongchhang province (វិធានការណ៍កំចាត់សត្វកណ្តុរក្នុងលក្ខខ័ណ្ឌខេត្តកំពង់ឆ្នំាង) |
| 260 ## - PUBLICATION, DISTRIBUTION, ETC. (IMPRINT) | |
| Place of publication, distribution, etc. | Phnom Penh |
| Name of publisher, distributor, etc. | RUA |
| Date of publication, distribution, etc. | 2002 |
| 300 ## - PHYSICAL DESCRIPTION | |
| Extent | 56p. |
| Other physical details | ill. |
| Dimensions | 29cm. |
| 942 ## - ADDED ENTRY ELEMENTS (KOHA) | |
| Source of classification or shelving scheme | |
| Koha item type | AGR |
| Price effective from | Date last seen | Permanent Location | Not for loan | Date acquired | Source of classification or shelving scheme | Koha item type | Lost status | Withdrawn status | Date last checked out | Total Checkouts | Shelving location | Damaged status | Barcode | Current Location | Full call number |
|---|---|---|---|---|---|---|---|---|---|---|---|---|---|---|---|
| 2015-09-15 | 2015-09-15 | Library Block B | 2015-09-15 | AGR | B027 | RUA002655 | Library Block B | AGR CHH 2002 B027 Or.1 | |||||||
| 2015-09-15 | 2015-09-15 | Library Block B | 2015-09-15 | AGR | B027 | RUA002583 | Library Block B | AGR CHH 2002 B027 Or.2 | |||||||
| 2015-09-15 | 2015-09-15 | Library Block B | 2015-09-15 | AGR | B027 | RUA002588 | Library Block B | AGR CHH 2002 B027 Or.3 | |||||||
| 2015-09-15 | 2015-09-15 | Library Block B | 2015-09-15 | AGR | B027 | RUA002997 | Library Block B | AGR CHH 2002 B027 Or.4 | |||||||
| 2015-09-15 | 2020-08-14 | Library Block B | 2015-09-15 | AGR | 2020-08-10 | 1 | B027 | RUA002964 | Library Block B | AGR CHH 2002 B027 Or.5 | |||||
| 2015-09-15 | 2015-09-15 | Library Block B | 2015-09-15 | AGR | B027 | RUA002892 | Library Block B | AGR CHH 2002 B027 Or.6 | |||||||
| 2015-09-27 | 2015-09-27 | Library Block B | 2015-09-27 | AGR | B027 | RUA019340 | Library Block B | AGR CHH 2002 B027 Or.7 | |||||||
| 2015-09-27 | 2015-09-27 | Library Block B | 2015-09-27 | AGR | B027 | RUA019076 | Library Block B | AGR CHH 2002 B027 Or.8 |